000 00708nam a2200121Ia 4500
008 220620s9999||||xx |||||||||||||| ||und||
100 _aLandier, Lucas||Lauret, Nicolas||Yin, Tiangang||Bitar, Ahmad Al||Gastellu-Etchegorry, JeanPhilippe||Feigenwinter, Christian||Parlow, Eberhard||Mitraka, Zina||Chrysoulakis, Nektarios
245 0 _aChapter Remote Sensing Studies of Urban Canopies: 3D Radiative Transfer Modeling
546 _aEnglish[eng]
650 _aDART, model, radiative transfer, albedo, thermal exitance, remote sensing, urban canopies
856 _uhttps://library.oapen.org/bitstream/20.500.12657/49152/1/51179.pdf||https://library.oapen.org/bitstream/20.500.12657/49152/1/51179.pdf
942 _cEB
999 _c24069
_d24069